Normal view MARC view

Entry Personal Name

Number of records used in: 2

001 - CONTROL NUMBER

  • control field: 9976

003 - CONTROL NUMBER IDENTIFIER

  • control field: DLC

005 - DATE AND TIME OF LATEST TRANSACTION

  • control field: 20231202130937.0

008 - FIXED-LENGTH DATA ELEMENTS

  • fixed length control field: 860411n| azannaabn |a aaa

010 ## - LIBRARY OF CONGRESS CONTROL NUMBER

  • LC control number: n 85210555

035 ## - SYSTEM CONTROL NUMBER

  • System control number: (OCoLC)oca01559899

040 ## - CATALOGING SOURCE

  • Original cataloging agency: DLC
  • Language of cataloging: eng
  • Description conventions: rda
  • Transcribing agency: DLC
  • Modifying agency: DLC
  • Modifying agency: OCoLC
  • Modifying agency: MdRoLAC

100 1# - HEADING--PERSONAL NAME

  • Personal name: Guha, Sumit

372 ## - FIELD OF ACTIVITY

  • Field of activity: History
  • Source of term: lcsh

373 ## - ASSOCIATED GROUP

  • Associated group: University of Texas at Austin. Department of History
  • Associated group: St. Stephen's College (Delhi, India)
  • Associated group: Churchill College
  • Source of term: naf

374 ## - OCCUPATION

  • Occupation: College teachers
  • Occupation: History teachers
  • Source of term: lcsh

375 ## - GENDER

  • Gender: Males
  • Source of term: lcdgt

400 0# - SEE FROM TRACING--PERSONAL NAME

  • Personal name: Sumit Guha

670 ## - SOURCE DATA FOUND

  • Source citation: His The agrarian economy of the Bombay Deccan, 1818-1941, c1985:
  • Information found: t.p. (Sumit Guha) jkt. (Ph. D. (hist.), Churchill Coll., Cambridge; lect. in hist., St. Stephen's Coll., Delhi)

670 ## - SOURCE DATA FOUND

  • Source citation: University of Texas at Austin webpage, viewed 22 April 2019:
  • Information found: (Sumit Guha Professor - PhD, University of Cambridge Professor; Frances Higginbotham Nalle Centennial Professorship in History)
  • Uniform Resource Identifier: https://liberalarts.utexas.edu/history/faculty/sg7967

Powered by Koha